000 00674cam a22002411 4500
001 7146
003 BD-RjUL
005 20211208234354.0
008 14 t19651964enka 001 0 eng
035 _a(BD-RjUL)7188
040 _aDLC/ICU
_cICU
_dDLC
_dBD-RjUL
_beng
041 _aeng
082 0 4 _216
_a510
_bCAM 1965
100 1 _aCarter, Hobart Clinton,
_d1907-
_922357
245 1 0 _aModern basic mathematics /
_cHobart C. Carter.
260 _aNew York :
_bAppleton-Century-Crofts,
_c1965.
300 _axi, 466 p. :
_bdiagrs. ;
_c24 cm.
504 _aIncludes index.
650 0 _aMathematics.
_922358
942 _2ddc
_cBK
999 _c7146
_d7146